书目信息 |
| 题名: |
海洋化学进展
|
|
| 作者: | 张正斌 , 刘莲生 编著 | |
| 分册: | ||
| 出版信息: | 北京 化学工业出版社 2005 |
|
| 页数: | 467页 | |
| 开本: | 24cm | |
| 丛书名: | 化学进展丛书 | |
| 单 册: | ||
| 中图分类: | P734 | |
| 科图分类: | ||
| 主题词: | 海洋化学--进展 , 海洋化学 | |
| 电子资源: | ||
| ISBN: | 7-5025-5833-0 | |
| 000 | 01042oam2 2200301 450 | |
| 001 | 012007941925 | |
| 005 | 20070523085736.50 | |
| 010 | @a7-5025-5833-0@b精装@dCNY68.00 | |
| 100 | @a20070515d2005 km y0chiy0120 ea | |
| 101 | 0 | @achi |
| 102 | @aCN@b110000 | |
| 105 | @ay z 000yy | |
| 106 | @ar | |
| 200 | 1 | @a海洋化学进展@Ahai yang hua xue jin zhan@f张正斌,刘莲生编著@Fzhang zheng bin,liu lian sheng bian zhu |
| 210 | @a北京@c化学工业出版社@d2005 | |
| 215 | @a467页@d24cm | |
| 225 | 2 | @a化学进展丛书 |
| 300 | @a“十五”国家重点图书 | |
| 330 | @a本书介绍了近5~10年间国内外海洋化学的发展状态和研究重点,以及未来发展趋势,海洋化学热点问题的新思路、新方法以及学科交叉融合中的创新问题,重要的和潜在的应用前景等。 | |
| 461 | 0 | @12001 @a化学进展丛书 |
| 510 | 1 | @aAdvances in marine chemistry@zeng |
| 606 | 0 | @a海洋化学@x进展 |
| 606 | 0 | @a海洋化学 |
| 690 | @aP734@v4 | |
| 701 | 0 | @a张正斌@Azhang zheng bin@f(1935~)@4编著 |
| 701 | 0 | @a刘莲生@Aliu lian sheng@4编著 |
| 801 | 0 | @aCN@bRULIN@c20070523 |
| 905 | @dP734@e45@s8 | |
| 海洋化学进展/张正斌,刘莲生编著.-北京:化学工业出版社,2005 |
| 467页;24cm.-(化学进展丛书) |
| “十五”国家重点图书 |
| ISBN 7-5025-5833-0(精装):CNY68.00 |
| 本书介绍了近5~10年间国内外海洋化学的发展状态和研究重点,以及未来发展趋势,海洋化学热点问题的新思路、新方法以及学科交叉融合中的创新问题,重要的和潜在的应用前景等。 |
| ● |
| 相关链接 |
|
|
|
|
正题名:海洋化学进展
索取号:P734/45
 
预约/预借
| 序号 | 登录号 | 条形码 | 馆藏地/架位号 | 状态 | 备注 |
| 1 | 0576928 | 205769284 | 第二样本阅览室/ [索取号:P734/45] | 在馆 | |
| 2 | 0576929 | 205769293 | 第三借阅区/ [索取号:P734/45] | 在馆 | |
| 3 | 0576930 | 205769300 | 第三借阅区/ [索取号:P734/45] | 在馆 | |
| 4 | 0576931 | 205769319 | 第三借阅区/ [索取号:P734/45] | 在馆 | |
| 5 | 0576932 | 205769328 | 第三借阅区/ [索取号:P734/45] | 在馆 | |
| 6 | 0576933 | 205769337 | 第三借阅区/ [索取号:P734/45] | 在馆 | |
| 7 | 0576934 | 205769346 | 第三借阅区/ [索取号:P734/45] | 在馆 | |
| 8 | 0576935 | 205769355 | 第三借阅区/ [索取号:P734/45] | 在馆 |